Fire Type Pokemon Abilities - Statistics

General Stats
  • This quiz has been taken 63 times
    6 since last reset
  • The average score is 56 of 68
Answer Stats
Gen Ability % Correct
7 Beast Boost
100%
3 Blaze
100%
9 Chlorophyll
100%
7 Corrosion
100%
7 Cursed Body
100%
5 Drought
100%
3 Flame Body
100%
3 Flash Fire
100%
9 Frisk
100%
6 Gale Wings
100%
5 Inner Focus
100%
3 Intimidate
100%
5 Iron Fist
100%
6 Magician
100%
3 Magma Armor
100%
3 Oblivious
100%
5 Own Tempo
100%
9 Protosynthesis
100%
9 Quark Drive
100%
5 Reckless
100%
7 Rock Head
100%
5 Shadow Tag
100%
5 Sheer Force
100%
5 Shell Armor
100%
5 Solar Power
100%
5 Speed Boost
100%
5 Swarm
100%
6 Tough Claws
100%
5 Turboblaze
100%
5 Victory Star
100%
6 Water Absorb
100%
5 Anger Point
75%
9 Beads of Ruin
75%
7 Dancer
75%
6 Desolate Land
75%
5 Guts
75%
5 Hustle
75%
6 Infiltrator
75%
5 Justified
75%
5 Levitate
75%
8 Libero
75%
9 Mold Breaker
75%
6 Moxie
75%
4 Multitype
75%
3 Pressure
75%
6 Rivalry
75%
7 RKS System
75%
3 Run Away
75%
4 Simple
75%
4 Solid Rock
75%
9 Spicy Spray
75%
8 Steam Engine
75%
5 Thick Fat
75%
9 Unaware
75%
5 Unnerve
75%
5 Vital Spirit
75%
5 Weak Armor
75%
3 White Smoke
75%
5 Zen Mode
75%
9 Cud Chew
50%
3 Early Bird
50%
9 Embody Aspect
50%
5 Gluttony
50%
9 Insomnia
50%
7 Lightning Rod
50%
9 Moody
50%
5 Regenerator
50%
7 Forecast
25%
No matching quizzes found
Score Distribution
Percent of People with Each Score
Percentile by Number Answered
Your Score History
You have not taken this quiz since the last reset